00498nam a2200133 a 450000100100000000500170001000800410002704000250006810000200009324501180011326000810023130000200031271000320033200004174020201002035728.0131016s1999 dr 000 0 spa d aDO-SdBNPbspacBNPHU1 aAbreu, Fabio A.14aLos derechos y deberes del ciudadano dominicano en la cotidianidad /cFabio A. Abreu, Ricardo González Camacho. aSanto Domingo m :bPontificia Universidad Católica Madre y Maestra,c1999. a28 p. ;c21 cm.2 aGonzález Camacho, Ricardo